[Event "Tolima Departament-ch U14"]
[Site "Tolima"]
[Date "2020.01.07"]
[Round "1"]
[White "Tello Celis, Maria Juliana"]
[Black "Granados Galvez, Yeraldine"]
[Result "1-0"]
[WhiteElo "1500"]
[BlackElo "1120"]
[PlyCount "60"]
[EventDate "2020.01.07"]
[EventType "swiss"]
[EventRounds "5"]
[EventCountry "COL"]
[SourceTitle "CBM 195 Extra"]
[Source "ChessBase"]
[SourceDate "2020.05.31"]
[SourceVersion "1"]
[SourceVersionDate "2020.05.31"]
[SourceQuality "1"]

1. e4 e6 2. d4 d5 3. e5 Bb4+ 4. c3 Be7 5. Bf4 Nc6 6. Bb5 Bd7 7. Nf3 a6 8. Bxc6 bxc6 9. Nbd2 Qc8 10. 0-0 Nh6 11. Qc2 c5 12. Bg5 cxd4 13. cxd4 Qb7 14. Rac1 Qb6 15. Bxe7 Kxe7 16. Qc5+ Kd8 17. Ng5 Qxc5 18. Rxc5 Ke7 19. Rfc1 f6 20. exf6+ gxf6 21. Ngf3 Kd6 22. Rxc7 Rhc8 23. R7c5 e5 24. Rxc8 Rxc8 25. Rxc8 Bxc8 26. dxe5+ fxe5 27. Ne1 d4 28. f3 a5 29. Nc4+ Kd5 30. Nxa5 Ba6 1-0